000 00455nab a2200145Ia 4500
003 ES-SlBCS
005 20210601125756.0
008 140529s2012 xxu||||| |||| 00| 0 eng d
041 _aeng
100 1 _aAntony, Martin
_9164133
245 0 0 _aLife, Death and Life: A Narrative - Pragmatic Analysis of John 19:28-30
_c Martin Antony
630 0 4 _aJuan 19
_9164134
773 0 _tLiving Word, the
_gvol. 118, nº. 6, 2012, págs. 387-410
_wRev256
942 _cAR
999 _c535760
_d535760